[Event "Athens ChessSquare New Year op"]
[Site "Athens"]
[Date "2016.01.01"]
[Round "1"]
[White "Kouvaratis, Ilias"]
[Black "Karagiannis, Athanasios"]
[Result "0-1"]
[WhiteElo "1660"]
[BlackElo "2248"]
[PlyCount "58"]
[EventDate "2016.01.07"]
[EventType "swiss"]
[EventRounds "7"]
[EventCountry "GRE"]
[SourceTitle "EXT 2024"]
[Source "ChessBase"]
[SourceDate "2023.10.10"]
[SourceVersion "1"]
[SourceVersionDate "2023.10.10"]
[SourceQuality "1"]

1. e4 Nf6 2. e5 Nd5 3. d4 d6 4. f4 dxe5 5. fxe5 Bf5 6. Bd3 Bxd3 7. Qxd3 e6 8. Nf3 c5 9. c3 Nc6 10. Nbd2 cxd4 11. cxd4 Ndb4 12. Qe4 Nxd4 13. 0-0 Ndc2 14. Rb1 Bc5+ 15. Kh1 Qd3 16. Qxd3 Nxd3 17. Ne4 0-0 18. Nxc5 Nxc5 19. Bg5 Ne4 20. Bh4 h6 21. Rbc1 Rac8 22. Be7 Rfe8 23. Bd6 f5 24. Kg1 Rc6 25. Rfd1 Rec8 26. Rd3 Nd4 27. Rcd1 Ne2+ 28. Kf1 Nf4 29. Rc3 Nxc3 0-1

[Event "Ambelokipi op 145th"]
[Site "Athens"]
[Date "2014.06.28"]
[Round "7"]
[White "Kouvaratis, Ilias"]
[Black "Spyropoulou, Aliki"]
[Result "1-0"]
[WhiteElo "1541"]
[BlackElo "1805"]
[PlyCount "87"]
[EventDate "2014.05.10"]
[EventType "swiss"]
[EventRounds "7"]
[EventCountry "GRE"]
[SourceTitle "EXT 2016"]
[Source "ChessBase"]
[SourceDate "2015.10.08"]
[SourceVersion "1"]
[SourceVersionDate "2015.10.08"]
[SourceQuality "1"]

1. e4 g6 2. d4 Bg7 3. Nc3 d6 4. f4 a6 5. Nf3 b5 6. Be2 Nd7 7. 0-0 Bb7 8. a3 c5 9. d5 Qc7 10. Qd2 Ngf6 11. Bd3 0-0 12. Re1 Qb6 13. Kh1 c4 14. Bf1 Ng4 15. Re2 Nc5 16. h3 Bxc3 17. bxc3 Nxe4 18. Qe1 Ngf6 19. Rxe4 Nxe4 20. Qxe4 e6 21. f5 Bxd5 22. Qh4 exf5 23. Bh6 f6 24. Bxf8 Rxf8 25. Qd4 Qxd4 26. Nxd4 Rd8 27. Rb1 Be4 28. Bxc4+ d5 29. Bd3 Rc8 30. Rb3 Kf7 31. a4 bxa4 32. Ra3 a5 33. Bb5 g5 34. Bxa4 h5 35. Bd7 Rc5 36. Bxf5 Bxf5 37. Nxf5 Ke6 38. Ng7+ Ke5 39. Nxh5 f5 40. Ng3 Kf4 41. Ne2+ Ke3 42. Nd4 f4 43. Ne6 Rb5 44. c4+ 1-0

[Event "Ambelokipi op 127th"]
[Site "Athens"]
[Date "2012.09.08"]
[Round "1"]
[White "Kouvaratis, Ilias"]
[Black "Vazelakis, Dimitrios"]
[Result "0-1"]
[WhiteElo "1470"]
[BlackElo "2007"]
[PlyCount "82"]
[EventDate "2012.09.08"]
[EventType "swiss"]
[EventRounds "7"]
[EventCountry "GRE"]
[SourceTitle "EXT 2024"]
[Source "ChessBase"]
[SourceDate "2023.10.10"]
[SourceVersion "1"]
[SourceVersionDate "2023.10.10"]
[SourceQuality "1"]

1. e4 Nf6 2. e5 Nd5 3. d4 d6 4. c4 Nb6 5. exd6 exd6 6. Nf3 Bg4 7. Be3 Nc6 8. a3 Be7 9. Bd3 Bf6 10. Nbd2 Bxd4 11. Bxd4 Nxd4 12. 0-0 0-0 13. h3 Nxf3+ 14. Nxf3 Bh5 15. Bb1 Qf6 16. Qd3 Bg6 17. Qb3 Rfe8 18. Bxg6 hxg6 19. Qc2 Qf4 20. b3 Re7 21. Rfe1 Rae8 22. Rxe7 Rxe7 23. Re1 Rxe1+ 24. Nxe1 Qe5 25. Nd3 Qa1+ 26. Qc1 Qxc1+ 27. Nxc1 a5 28. a4 Kf8 29. Kf1 Nd7 30. Ke2 Nc5 31. Ke3 Ke7 32. f4 Ke6 33. g4 c6 34. Kd4 Na6 35. Nd3 Nb4 36. Nxb4 axb4 37. a5 c5+ 38. Ke3 f5 39. Kd3 Kd7 40. Ke3 Kc7 41. Kd3 Kb8 0-1